| 000 | 00780nam a22002297a 4500 | ||
|---|---|---|---|
| 999 |
_c7551 _d7551 |
||
| 001 | 7551 | ||
| 003 | BD-JhCC | ||
| 005 | 20180304105337.0 | ||
| 008 | 180211b1992 bg ||||| |||| 00| 0 ben d | ||
| 035 | _a(BD-JhCC)7551 | ||
| 040 |
_aBD-JhCC _dBD-JhCC |
||
| 041 | _aben | ||
| 082 |
_a592 _bSHA 1992 |
||
| 100 | _aআলী, শাহাদত | ||
| 245 |
_aবাংলাদেশের মিঠাপানির অমেরুদণ্ডী প্রাণী / _c শাহাদত আলী এবং তপন চক্রবর্তী |
||
| 260 |
_aঢাকা : _bবাংলা একাডেমী _c1992 |
||
| 300 |
_a242 p. : _c22 cm |
||
| 650 | _aInvertebrates | ||
| 700 | _aচক্রবর্তী, তপন | ||
| 942 |
_2ddc _cBK |
||